01343nam a22003497a 4500003000500000005001700005008004100022010001000063011001000073035001000083040000900093082001500102100002600117245009200143260005600235300001100291490005500302590004100357590004100398590004100439590004100480590004200521650003200563710004700595830006200642901000700704942001000711949005500721949006500776999001700841952013500858CHAP20220329133841.0971013s1971 r 00010 d a11782 a12754 a16307 cCHAP a631.46bP500aPhillipson, J.987846 aMethods of study in quantitative soil ecologyb: population, production and energy flow aLondon :bInternational Biological Programme,c1971 a297 p. aInternational Biological Programme. Handbookv; 18 aBATCH-UPDb10c20130110lUCH01h0208 aBATCH-UPDb10c20130110lUCH01h1915 aBATCH-UPDb10c20130410lUCH01h1242 aBATCH-UPDb10c20130914lUCH01h1650 aCONVERSIONb10c20130109lUCH01h130814aSuelosxEcología.91103430 aInternational Biological Programme.9595540 aInternational Biological Programme. Handbookv; 18959557 aBK cLIBRO a631.46 M4bFcLIBROd-28535eLIBROh2247i16307si a631.46 P5bBCcLIBROd33724000078481eLIBROh66345i16307si c11782d11782 00102ddc4052708GRALaBCbBCcPP_GRALd2019-12-31fLIBROl0o631.46 P5p33724000078481r2019-12-31 00:00:00w2019-12-31yLIBRO